'D' Logos Quiz Stats

 Plays Quiz Updated Jun 20, 2016

Also try: 'G' Logos
Challenge
Share
Tweet
Score 0/18 Timer 05:00
14 Plays Today
% Correct
Disney
99.4%
Dove
98.9%
Domino's Pizza
97.9%
DreamWorks Animation
91.6%
Discovery Channel
86.2%
Miami Dolphins
85.2%
Dell
84.9%
Dairy Queen
81.2%
Denny's
78.5%
% Correct
Los Angeles Dodgers
69.5%
DHL
69.1%
Dole Food Company
63.3%
Dropbox
63.3%
Delta Air Lines
59.7%
Dunlop Tyres
55.3%
Del Monte Foods
52%
Doctor Who
41.5%
Anaheim Ducks
37.5%

You're not logged in!

Compare scores with friends on all Sporcle quizzes.
OR
Log In

You Might Also Like...

Show Comments

Extras

Top Quizzes Today


Score Distribution

Your Account Isn't Verified!

In order to create a playlist on Sporcle, you need to verify the email address you used during registration. Go to your Sporcle Settings to finish the process.

Report this User

Report this user for behavior that violates our Community Guidelines.

Details: